| 000 | 00548aam a2200217 4500 | ||
|---|---|---|---|
| 005 | 20170606180530.0 | ||
| 008 | 150610b xxu||||| |||| 00| 0 spa d | ||
| 041 | _aEspañol | ||
| 082 | _a234 DVD | ||
| 100 |
_aTschohl, John _95947 |
||
| 245 | _aLa clave para la satisfacción del cliente | ||
| 260 | _aMéxico | ||
| 260 | _bService Quality Institute | ||
| 260 | _c2004 | ||
| 300 | _a27 minutos | ||
| 650 |
_aSERVICIO AL CLIENTE _91558 |
||
| 650 |
_aSERVICIO DE CALIDAD _942924 |
||
| 650 |
_a _942951 |
||
| 650 |
_a _942951 |
||
| 942 | _cDVD | ||
| 999 |
_c9521 _d9521 |
||